BIBLIOTHÈQUE DE LA MAISON DU MEXIQUE

Logo 1 Logo 2

Mi calle de San Ildefonso (notice nᵒ 3978)

détails MARC
000 -Sello discográfico
campo de control de longitud fija 01129nam a2200313 4500
005 - Identificación de versión
campo de control 20251016083722.0
035 ## - Otros números de control del sistema
Número de control del sistema 25816
099 ## - fechas locales
Tipo de ítem Koha LIBRO
100 ## - Datos de procesamiento general
Datos de procesamiento general 19990223d1956 m y1spay5003 ba
105 ## - Campo de datos codificados: Material textual, monográfico
Datos codificados de monografía y 001zy
200 1# - Título y mención de responsabilidad
Título propio Mi calle de San Ildefonso
Designación general del material texto impreso
Primer mención de responsabilidad Baltasar Dromundo
210 ## - Publicación, distribución, etc.
Lugar de publicación, distribución, etc. México
Nombre del editor, distribuidor, etc. Editorial Guarania
Fecha de publicación, distribución, etc. 1956
215 ## - Descripción física
Designación de material específico y extensión del ítem 263 p
Dimensiones 24 cm
345 ## - Nota de información de adquisición
Fuente de adquisición/dirección de la suscripción [OBSOLETO] Donación
410 #1 - Series
Título Colección Nezahualcóyotl
Número de volumen 13
601 ## - Nombre de entidad corporativa utilizado como temática
Elemento de entrada Universidad Nacional Autónoma de México
Subdivisión (o nombre si se introduce en el lugar) Escuela Nacional Preparatoria
Subdivisión temática Anécdotas
Número Koha 7852
606 ## - Término temático usado como materia
Elemento de entrada Estudiantes
Subdivisión geográfica México
Número Koha 7853
607 ## - Nombre geográfico utilizado como tema
Elemento de entrada Ciudad de México
Subdivisión temática Calles
-- Historia
-- Relatos personales
Número Koha 7854
607 ## - Nombre geográfico utilizado como tema
Elemento de entrada Ciudad de México
Subdivisión temática Vida intelectual
-- Relatos personales
Número Koha 7855
660 ## - Código de área geográfica
Código MX
700 ## - Nombre personal - Responsabilidad primaria
Elemento de entrada Dromundo Chorné
Parte del nombre distinta del elemento de entrada Baltasar
Fechas 1906-1987
Número Koha 7304
801 #0 - Fuente de origen
Agencia cm
900 ## -
-- 1/18372
900 ## -
-- 7109910282\230299
942 ## - ELEMENTOS DE ENTRADA SECUNDARIOS (KOHA)
Tipo de ítem Koha Livre
996 ## -
-- MEX
-- 751145101
-- MMAG
-- 009982
-- 972.53 D786MI
-- 20240326LIV
Exemplaires
Estatus retirado Estado de daño Estado de pérdida Fecha de adquisición Biblioteca de origen Biblioteca actual Ubicación en estantería Código de barras Precio de reemplazo Signatura topográfica completa No para préstamo Tipo de ítem Koha Nota pública Nota no pública
      05/08/2025 Casa México Paris Casa México Paris   009982 05/08/2025 972.53 D786MI   Livre 20240326LIV 751145101